000 00925nam a22002297a 4500
005 20240530110609.0
008 160611s2013 ua a g b 000 0 ara d
017 _a2013/14646
_bمصر . دار الكتب المصرية
020 _a9789774278389
040 _aEG-CaGPL
082 0 4 _221
_a026.6\
_bم م
100 0 _aمحمد فتحى عبدالهادى .
245 1 2 _aالميتاداتا :
_bاسسها النظرية و تطبيقاتها العملية /
_cمحمد فتحى عبدالهادى ، خالد عبدالفتاح محمد .
250 _aط1.
260 _aالقاهرة :
_bالدار المصرية اللبنانية ،
_c2013 .
300 _a327 ص ؛
_c24 سم .
650 0 4 _aالمكتبات ، علم .
650 0 4 _aالميتاداتا .
700 0 _aخالد عبدالفتاح محمد
_eمؤلف مشارك .
942 _2ddc
_cBK
999 _c62812
_d62812